Studios d'animation ou de cinéma par pays - Statistiques

Statistiques générales
  • Ce quiz a été pris 25 fois
  • Le résultat moyen est 8 sur 18
Statistiques - réponses
Hint Réponse % Correct
Brazilian TV Animation Center Brésil
100%
Shanghai Animation Film Studio Chine
100%
Pathé France
100%
Studio Ghibli Japon
100%
Walt Disney Pictures États-Unis
92%
Masha and the Bear Russie
63%
Estudios Quirino Argentine
50%
Ánima Estudios Mexique
46%
Aardman Animations Royaume-Uni
33%
Weta FX Nouvelle-Zélande
25%
Triggerfish Animation Studios Afrique du Sud
21%
Chorokbaem Media Corée du Sud
17%
Flying Bark Productions Australie
13%
TATSUMI Production Philippines
13%
Les Films de l'Œil Sauvage Sénégal
13%
Cartoon Saloon Irlande
8%
Eagle Pictures Italie
8%
Ghibah Studios Indonésie
4%
Aucun quiz correspondant
Distribution des résultats
% des personnes avec chaque résultat
Percentile par nombre de réponses
Votre historique - résultats
Vous n’avez pas pris ce quiz